| 000 | 00971nmc a2200325 a 4500 | ||
|---|---|---|---|
| 003 | AR-BaBNM | ||
| 005 | 20251128204128.0 | ||
| 008 | 285019s1983 ||||||||||||||000 | spa|| | ||
| 020 | _a950-25-01284 | ||
| 040 | _cAR-BaBNM | ||
| 245 | 1 | 0 | _aManual del emigrante italiano |
| 260 |
_aBuenos Aires _bCentro Editor de América Latina _c1983 |
||
| 300 | 0 | _a92 p. | |
| 490 | 0 |
_aHistoria testimonial Argentina: Documentos vivos de nuestro pasado _vv. 8 |
|
| 500 | 0 | _aEl autor cumple también la función de traductor | |
| 650 | 4 | _aHISTORIA ARGENTINA | |
| 650 | 4 | _aCOSTUMBRES | |
| 650 | 4 | _aINMIGRACION EN ARGENTINA | |
| 650 | 4 | _aMIGRACION DE PERSONAS | |
| 650 | 4 | _aMIGRACION INTERNACIONAL | |
| 650 | 4 | _aINMIGRANTES | |
| 650 | 4 | _aPOLITICA MIGRATORIA | |
| 650 | 4 | _aDOCUMENTOS | |
| 651 | 4 | _aItalia | |
| 700 | 1 |
_aArmus, Diego _ecompilador |
|
| 800 | 1 |
_aBertoni, Lilia Ana _edirector |
|
| 800 | 1 |
_aRomero, Luis Alberto _edirector |
|
| 942 | _cBK | ||
| 998 | _cMarce | ||
| 999 |
_c6285 _d6285 |
||